Pokémon - Johto Trivia Quiz - Statistics

General Stats
  • This quiz has been taken 82 times
  • The average score is 16 of 30
Answer Stats
Hint Answer % Correct
Name of the region's Pokémon Professor Professor Elm
98%
Last Pokémon in the Johto Pokédex Celebi
90%
Whitney's nightmare of an ace Miltank
89%
Pokémon in the Mystery Egg Togepi
89%
Eeveelution used by the first Kimono Girl Umbreon
87%
Pokémon who has a well named after it next to Azalea Town Slowpoke
86%
HM given to you by Chuck's wife immediately after defeating him Fly
76%
Johto's Ghost-type, carelessly forgotten by the region's Ghost-type Gym Leader Misdreavus
76%
Number of routes in Johto 19
75%
Mahogany Town's Gym Leader Pryce
73%
Islands on Route 41 where Lugia lives Whirl Islands
73%
Ruins full of Unown Ruins of Alph
67%
Pokémon with the lowest base stat total in the Johto Pokédex Sunkern
65%
Cave behind the eighth gym Dragon's Den
63%
First member of the Johto Elite Four Will
62%
Cave that links three of Johto's routes Dark Cave
60%
Name of the first Gym badge Zephyr Badge
48%
Woman Professor Oak co-hosts a radio show with Mary
43%
Team Rocket Executive who led the team's operation at the well Proton
43%
Event location that can be accessed if you have an Arceus from the Hall of Origin Sinjoh Ruins
38%
The Johto bird only found in the wild in Kanto Murkrow
37%
Item obtained from the Goldenrod florist that lets you get past Sudowoodo Squirt Bottle
37%
Only Pokémon to have the same Base Stat Total as its pre-evolution Scizor
33%
Blissey's base HP stat, the highest of all Pokémon 255
30%
Only Pokémon to lose a typing upon evolution Gloom / Bellossom
21%
Name of the Elder of Sprout Tower Elder Li
16%
Name of Thursday's day-of-the-week sibling Arthur
14%
Tower in which Kyogre, Groudon and Rayquaza can be encountered Embedded Tower
14%
Founder of the Pokéathlon Dome Magnus
8%
Name of Olivine's Lighthouse Glitter Lighthouse
6%
No matching quizzes found
Score Distribution
Percent of People with Each Score
Percentile by Number Answered
Your Score History
You have not taken this quiz